000 00711nam a2200277Ia 4500
005 20260324112649.0
008 008 260324s9999 xx 000 0 eng d
020 _a9788770046947
037 _aEBOOK
040 _aCRL
040 _beng
040 _cCRL
041 _2eng
041 _aeng
084 _qCRL
100 _aYuriy P. Kondratenko; Anatolii I. Shevchenko
_91143639
245 0 _aResearch Tendencies and Prospect Domains for AI Development and Implementation
260 _bTaylor and Francis
260 _c2024
365 _a
365 _b295
856 _uhttp://www.taylorfrancis.com/books/9788770046947
942 _cEBOOK
999 _c1732928
_d1732928